<?xml version="1.0" encoding="UTF-8"?>
<collection xmlns="http://www.loc.gov/MARC21/slim">
 <record>
  <leader>02303nam a2200349   4500</leader>
  <controlfield tag="001">1/49772</controlfield>
  <controlfield tag="008">980406s1975    gr            000 0 gre d</controlfield>
  <datafield tag="035" ind1=" " ind2=" ">
   <subfield code="l">13069</subfield>
  </datafield>
  <datafield tag="040" ind1=" " ind2=" ">
   <subfield code="a">GR-PeUP</subfield>
  </datafield>
  <datafield tag="082" ind1="0" ind2="0">
   <subfield code="a">920.0092'38 ΠΛ</subfield>
  </datafield>
  <datafield tag="100" ind1="1" ind2=" ">
   <subfield code="a">Πλούταρχος,</subfield>
   <subfield code="d">46-120.</subfield>
  </datafield>
  <datafield tag="245" ind1="1" ind2="0">
   <subfield code="a">Πλουτάρχου βίοι παράλληλοι :</subfield>
   <subfield code="b">Θεμιστοκλής, Θησεύς, Τιμολέων, Φιλοποίμην, Κίμων, Αγησίλαος, Φωκίων /</subfield>
   <subfield code="c">Πλουτάρχου.</subfield>
  </datafield>
  <datafield tag="260" ind1=" " ind2=" ">
   <subfield code="a">Αθήνα:</subfield>
   <subfield code="b">Πάπυρος,</subfield>
   <subfield code="c">1975.</subfield>
  </datafield>
  <datafield tag="300" ind1=" " ind2=" ">
   <subfield code="a">7 τ.;</subfield>
   <subfield code="c">22 εκ.</subfield>
  </datafield>
  <datafield tag="650" ind1=" " ind2="4">
   <subfield code="a">Βιογραφία.</subfield>
  </datafield>
  <datafield tag="600" ind1="1" ind2="4">
   <subfield code="a">Πλούταρχος,</subfield>
   <subfield code="d">46-120.</subfield>
  </datafield>
  <datafield tag="651" ind1=" " ind2="4">
   <subfield code="a">Ελλάδα</subfield>
   <subfield code="x">Ιστορία, Αρχαία.</subfield>
  </datafield>
  <datafield tag="700" ind1="1" ind2=" ">
   <subfield code="a">Πουρνάρας, Ανδρέας Ι,</subfield>
   <subfield code="e">μετ.</subfield>
  </datafield>
  <datafield tag="852" ind1=" " ind2=" ">
   <subfield code="a">INST</subfield>
   <subfield code="b">UNIPILB</subfield>
   <subfield code="c">MAIN</subfield>
   <subfield code="e">20040709</subfield>
   <subfield code="h">920.0092'38 ΠΛ</subfield>
   <subfield code="p">00105029</subfield>
   <subfield code="q">00105029</subfield>
   <subfield code="t">LOAN</subfield>
   <subfield code="v">τ.1:</subfield>
   <subfield code="y">0</subfield>
   <subfield code="z">τ.1</subfield>
   <subfield code="4">1</subfield>
  </datafield>
  <datafield tag="852" ind1=" " ind2=" ">
   <subfield code="a">INST</subfield>
   <subfield code="b">UNIPILB</subfield>
   <subfield code="c">MAIN</subfield>
   <subfield code="e">20040709</subfield>
   <subfield code="h">920.0092'38 ΠΛ</subfield>
   <subfield code="p">00105030</subfield>
   <subfield code="q">00105030</subfield>
   <subfield code="t">LOAN</subfield>
   <subfield code="v">τ.2:</subfield>
   <subfield code="y">0</subfield>
   <subfield code="z">τ.2</subfield>
   <subfield code="4">1</subfield>
  </datafield>
  <datafield tag="852" ind1=" " ind2=" ">
   <subfield code="a">INST</subfield>
   <subfield code="b">UNIPILB</subfield>
   <subfield code="c">MAIN</subfield>
   <subfield code="e">20040709</subfield>
   <subfield code="h">920.0092'38 ΠΛ</subfield>
   <subfield code="p">00105031</subfield>
   <subfield code="q">00105031</subfield>
   <subfield code="t">LOAN</subfield>
   <subfield code="v">τ.3:</subfield>
   <subfield code="y">0</subfield>
   <subfield code="z">τ.3</subfield>
   <subfield code="4">1</subfield>
  </datafield>
  <datafield tag="852" ind1=" " ind2=" ">
   <subfield code="a">INST</subfield>
   <subfield code="b">UNIPILB</subfield>
   <subfield code="c">MAIN</subfield>
   <subfield code="e">20040709</subfield>
   <subfield code="h">920.0092'38 ΠΛ</subfield>
   <subfield code="p">00105032</subfield>
   <subfield code="q">00105032</subfield>
   <subfield code="t">LOAN</subfield>
   <subfield code="v">τ.4:</subfield>
   <subfield code="y">0</subfield>
   <subfield code="z">τ.4</subfield>
   <subfield code="4">1</subfield>
  </datafield>
  <datafield tag="852" ind1=" " ind2=" ">
   <subfield code="a">INST</subfield>
   <subfield code="b">UNIPILB</subfield>
   <subfield code="c">MAIN</subfield>
   <subfield code="e">20040709</subfield>
   <subfield code="h">920.0092'38 ΠΛ</subfield>
   <subfield code="p">00105033</subfield>
   <subfield code="q">00105033</subfield>
   <subfield code="t">LOAN</subfield>
   <subfield code="v">τ.5:</subfield>
   <subfield code="y">0</subfield>
   <subfield code="z">τ.5</subfield>
   <subfield code="4">1</subfield>
  </datafield>
  <datafield tag="852" ind1=" " ind2=" ">
   <subfield code="a">INST</subfield>
   <subfield code="b">UNIPILB</subfield>
   <subfield code="c">MAIN</subfield>
   <subfield code="e">20040709</subfield>
   <subfield code="h">920.0092'38 ΠΛ</subfield>
   <subfield code="p">00105034</subfield>
   <subfield code="q">00105034</subfield>
   <subfield code="t">LOAN</subfield>
   <subfield code="v">τ.6:</subfield>
   <subfield code="y">0</subfield>
   <subfield code="z">τ.6</subfield>
   <subfield code="4">1</subfield>
  </datafield>
  <datafield tag="852" ind1=" " ind2=" ">
   <subfield code="a">INST</subfield>
   <subfield code="b">UNIPILB</subfield>
   <subfield code="c">MAIN</subfield>
   <subfield code="e">20040709</subfield>
   <subfield code="h">920.0092'38 ΠΛ</subfield>
   <subfield code="p">00105035</subfield>
   <subfield code="q">00105035</subfield>
   <subfield code="t">LOAN</subfield>
   <subfield code="v">τ.7:</subfield>
   <subfield code="y">0</subfield>
   <subfield code="z">τ.7</subfield>
   <subfield code="4">1</subfield>
  </datafield>
  <datafield tag="852" ind1=" " ind2=" ">
   <subfield code="a">INST</subfield>
   <subfield code="b">UNIPILB</subfield>
   <subfield code="c">MAIN</subfield>
   <subfield code="e">20040709</subfield>
   <subfield code="h">920.0092'38 ΠΛ</subfield>
   <subfield code="p">00130226</subfield>
   <subfield code="q">00130226</subfield>
   <subfield code="t">LOAN</subfield>
   <subfield code="v">τ.1:</subfield>
   <subfield code="y">0</subfield>
   <subfield code="z">τ.1</subfield>
   <subfield code="4">2</subfield>
  </datafield>
  <datafield tag="852" ind1=" " ind2=" ">
   <subfield code="a">INST</subfield>
   <subfield code="b">UNIPILB</subfield>
   <subfield code="c">MAIN</subfield>
   <subfield code="e">20040709</subfield>
   <subfield code="h">920.0092'38 ΠΛ</subfield>
   <subfield code="p">00130227</subfield>
   <subfield code="q">00130227</subfield>
   <subfield code="t">LOAN</subfield>
   <subfield code="v">τ.2:</subfield>
   <subfield code="y">0</subfield>
   <subfield code="z">τ.2</subfield>
   <subfield code="4">2</subfield>
  </datafield>
  <datafield tag="852" ind1=" " ind2=" ">
   <subfield code="a">INST</subfield>
   <subfield code="b">UNIPILB</subfield>
   <subfield code="c">MAIN</subfield>
   <subfield code="e">20040709</subfield>
   <subfield code="h">920.0092'38 ΠΛ</subfield>
   <subfield code="p">00130228</subfield>
   <subfield code="q">00130228</subfield>
   <subfield code="t">LOAN</subfield>
   <subfield code="v">τ.3:</subfield>
   <subfield code="y">0</subfield>
   <subfield code="z">τ.3</subfield>
   <subfield code="4">2</subfield>
  </datafield>
  <datafield tag="852" ind1=" " ind2=" ">
   <subfield code="a">INST</subfield>
   <subfield code="b">UNIPILB</subfield>
   <subfield code="c">MAIN</subfield>
   <subfield code="e">20040709</subfield>
   <subfield code="h">920.0092'38 ΠΛ</subfield>
   <subfield code="p">00130229</subfield>
   <subfield code="q">00130229</subfield>
   <subfield code="t">LOAN</subfield>
   <subfield code="v">τ.4:</subfield>
   <subfield code="y">0</subfield>
   <subfield code="z">τ.4</subfield>
   <subfield code="4">2</subfield>
  </datafield>
  <datafield tag="852" ind1=" " ind2=" ">
   <subfield code="a">INST</subfield>
   <subfield code="b">UNIPILB</subfield>
   <subfield code="c">MAIN</subfield>
   <subfield code="e">20040709</subfield>
   <subfield code="h">920.0092'38 ΠΛ</subfield>
   <subfield code="p">00130230</subfield>
   <subfield code="q">00130230</subfield>
   <subfield code="t">LOAN</subfield>
   <subfield code="v">τ.5:</subfield>
   <subfield code="y">0</subfield>
   <subfield code="z">τ.5</subfield>
   <subfield code="4">2</subfield>
  </datafield>
  <datafield tag="852" ind1=" " ind2=" ">
   <subfield code="a">INST</subfield>
   <subfield code="b">UNIPILB</subfield>
   <subfield code="c">MAIN</subfield>
   <subfield code="e">20040709</subfield>
   <subfield code="h">920.0092'38 ΠΛ</subfield>
   <subfield code="p">00130231</subfield>
   <subfield code="q">00130231</subfield>
   <subfield code="t">LOAN</subfield>
   <subfield code="v">τ.6:</subfield>
   <subfield code="y">0</subfield>
   <subfield code="z">τ.6</subfield>
   <subfield code="4">2</subfield>
  </datafield>
  <datafield tag="852" ind1=" " ind2=" ">
   <subfield code="a">INST</subfield>
   <subfield code="b">UNIPILB</subfield>
   <subfield code="c">MAIN</subfield>
   <subfield code="e">20040709</subfield>
   <subfield code="h">920.0092'38 ΠΛ</subfield>
   <subfield code="p">00130232</subfield>
   <subfield code="q">00130232</subfield>
   <subfield code="t">LOAN</subfield>
   <subfield code="v">τ.7:</subfield>
   <subfield code="y">0</subfield>
   <subfield code="z">τ.7</subfield>
   <subfield code="4">2</subfield>
  </datafield>
 </record>
</collection>
